Datum a čas kvízu
30
Celkem bodů
Celkový počet nahraných bodů na tomto kvízu bez doplňovacích otázek.
4.
Pořadí na kvízu
Konečné umístění týmu na tomto kvízu.
Zaznamenané odpovědi
| # | Otázka | Odpověď | Body | Výsledky |
|---|---|---|---|---|
| 1. | Novinářskou cenu Ferdinanda Pe... | 0 | ||
| 2. | Část historických královských... | 1 | ||
| 3. | 46letá hollywoodská hvězda byl... | 0 | ||
| 4. | Společnost Google minulý týden... | 1 | ||
| 5. | Trenér české hokejové reprezen... | 1 | ||
| 6. | Začneme základní otázkou. Kter... | 1 | ||
| 8. | Jak se slovy na V a K česky ří... | 0 | ||
| 9. | Jak se jmenuje jedna z největš... | 1 | ||
| 10. | Vzhledem k přírodním podmínkám... | 0 | ||
| 43. | Jaké "zvířecí" jméno má tato k... | 0 |